A Benteler Autótechnika Kft. készlet-és raktárgazdálkodásának sajátosságai
| Main Author: | |
|---|---|
| Other Authors: | |
| Format: | Project work |
| Kulcsszavak: | készlet készletoptimalizálás készletszint logisztika raktárgazdálkodás |
| Online Access: | http://dolgozattar.uni-bge.hu/59747 |
MARC
| LEADER | 00000nnm a2200000 i 4500 | ||
|---|---|---|---|
| 001 | dolg59747 | ||
| 005 | 20260409145518.0 | ||
| 008 | 260409suuuu hu o 000 hun d | ||
| 040 | |a BGE Dolgozattár Repozitórium |b hun | ||
| 041 | |a hu | ||
| 100 | 1 | |a Geszterédi Laura | |
| 245 | 1 | 2 | |a A Benteler Autótechnika Kft. készlet-és raktárgazdálkodásának sajátosságai |c Geszterédi Laura |h [elektronikus dokumentum] |
| 516 | |a Project_work | ||
| 520 | 3 | |a Projektmunkám megírásának elsődleges célja az volt, hogy átfogóan bemutassam,hogy egy termelő vállalatnál milyen készletezési és raktározási problémák merülhetnek fel,valamint milyen intézkedésekkel lehet javítani a kialakult helyzeten. Dolgozatom megírása során szakirodalmi források támogatásával bemutattam a készlet-és raktárgazdálkodás elméleti hátterét. Szó esett többek között a raktártípusokról, raktár technológiákról, készlettípusokról, valamint a készletezési stratégiákról is. Kutatásomban a megfigyelés módszerét alkalmazva vizsgáltam meg a gyakorlati helyemen felmerülő készletezési és raktározási problémákat, valamint feltártam az alkalmazott megoldásokat. | |
| 695 | |a készlet | ||
| 695 | |a készletoptimalizálás | ||
| 695 | |a készletszint | ||
| 695 | |a logisztika | ||
| 695 | |a raktárgazdálkodás | ||
| 700 | 1 | |a Domboróczky Dr. Zoltán |e ths | |
| 856 | 4 | 0 | |u http://dolgozattar.uni-bge.hu/59747/1/Projektmunka.pdf |z Dokumentum-elérés |
| 856 | 4 | 0 | |u http://dolgozattar.uni-bge.hu/59747/2/Geszter%C3%A9di_Laura_KM%20FOSZK%20b%C3%ADr%C3%A1lati%20lap.pdf |z Dokumentum-elérés |